A history of the Jewish people in the time of Jesus Christ (Registro nro. 33421)
[ vista simple ]
| 000 -LÍDER | |
|---|---|
| Campo fijo de descripción fija | 00950aam a2200265 i 4500 |
| 001 - NÚMERO DE CONTROL | |
| Campo de control | 768714001 |
| 003 - IDENTIFICADOR DEL NÚMERO DE CONTROL | |
| Campo de control | CO-MdFUSB |
| 005 - FECHA Y HORA DE LA ULTIMA TRANSACCIÓN | |
| control field | 20220601123555.0 |
| 008 - ELEMENTOS DE LONGITUD FIJA -- INFORMACIÓN GENERAL | |
| Campo fijo de descripción fija -- Información general | 160601t1998 us f |||| 00| 0 eng d |
| 020 ## - NÚMERO INTERNACIONAL NORMALIZADO PARA LIBROS | |
| Número Internacional Normalizado del libro | 1565630491 |
| 040 ## - FUENTE DE CATALOGACIÓN | |
| Agencia de catalogación original | CO-MdFUSB |
| Idioma de catalogación | Español |
| Agencia que realiza la transcripción | CO-MdFUSB |
| Agencia que realiza la modificación | CO-MdFUSB |
| Convenciones de la descripción | rda |
| 041 0# - CÓDIGO DE IDIOMA | |
| Código de idioma para texto/pista de sonido o título separado | eng |
| 082 04 - NÚMERO DE CLASIFICACIÓN DECIMAL DEWEY | |
| Número de clasificación | 225.95 |
| Clave de autor-Numero de item | S394 |
| 100 1# - ASIENTO PRINCIPAL--NOMBRE PERSONAL | |
| Nombre personal | Schürer, Emil (1844-1910) |
| 245 00 - TÍTULO | |
| Título del Material | A history of the Jewish people in the time of Jesus Christ |
| Mención de responsabilidad, etc. | Emil Schürer |
| 264 #1 - PRODUCCIÓN, PUBLICACIÓN, DISTRIBUCIÓN, MANUFACTURA, Y COPYRIGHT | |
| Lugar de producción, publicación, distribución, manufactura | USA |
| Nombre del productor, publicador, distribuidor | : Hendrickson, |
| Fecha de producción, publicación, distribución, manufactura, o copyright | [1998] |
| 264 #4 - PRODUCCIÓN, PUBLICACIÓN, DISTRIBUCIÓN, MANUFACTURA, Y COPYRIGHT | |
| Fecha de producción, publicación, distribución, manufactura, o copyright | © 1998 |
| 300 ## - DESCRIPCIÓN FÍSICA | |
| Extensión | 467 Pag |
| Dimensiones | ; |
| 336 ## - TIPO DE CONTENIDO | |
| Fuente | rdacontent |
| Término de tipo de contenido | texto |
| Código de tipo de contenido | txt |
| 337 ## - TIPO DE MEDIO | |
| Fuente | rdamedia |
| Nombre del tipo de medio | sin mediación |
| Código del tipo de medio | n |
| 338 ## - TIPO DE SOPORTE | |
| Fuente | rdacarrier |
| Nombre del tipo de soporte | volumen |
| Código Tipo de soporte | nc |
| 653 ## - TÉRMINO DE INDIZACIÓN - NO CONTROLADO | |
| Término no controlado | Biblia N.T. |
| -- | Historia |
| -- | - Historia coetánea |
| -- | Judíos |
| -- | Historia - 168 A.C.-135 D.C. |
| -- | Literatura griega |
| -- | Autores bíblicos |
| -- | Historia y critica |
| -- | Judaísmo |
| -- | Periodo post-exilio, 586 A.C.-210 D.C |
| -- | Historia y critica |
| 942 ## - TIPO DE MATERIAL (KOHA) | |
| Tipo de Item KOHA | Libros General |
| 945 ## - INFORMACIÓN LOCAL DEL REGISTRO | |
| Catalogador | JTF-925 |
| Estado de Material | Estado de Perdido | Forma de Clasificación | Estado de Dañado | No para Préstamo | Colección | Biblioteca de Origen | Biblioteca Permanente | Fecha de Adquisición | Total de Préstamos | Total de Renovaciones | Signatura Topográfica | Código de Barras | Última vez visto | Última vez Préstado | Ejemplar/Existencia | Fecha de Remplazo | Tipo de Material | Tomo |
|---|---|---|---|---|---|---|---|---|---|---|---|---|---|---|---|---|---|---|
| Dewey Decimal Classification | Colección de Referencia | Biblioteca FUSBC | Biblioteca FUSBC | 24/11/2004 | 1 | 6 | R 225.95 S394h | 11900 | 02/06/2022 | 04/04/2022 | Vol. 1 t.1, ej.1 | 26/01/2016 | Libros de Referencia | |||||
| Dewey Decimal Classification | Colección de Referencia | Biblioteca FUSBC | Biblioteca FUSBC | 24/11/2004 | R 225.95 S394h | 11904 | 12/12/2019 | Vol.3, ej. 1 | 26/01/2016 | Libros de Referencia | ||||||||
| Dewey Decimal Classification | Colección de Referencia | Biblioteca FUSBC | Biblioteca FUSBC | 24/11/2004 | R 225.95 S394h | 11903 | 12/12/2019 | Vol. 2, t.2, ej. 1 | 26/01/2016 | Libros de Referencia | ||||||||
| Dewey Decimal Classification | Colección de Referencia | Biblioteca FUSBC | Biblioteca FUSBC | 24/11/2004 | R 225.95 S394h | 11902 | 12/12/2019 | Vol. 2, t.1, ej. 1 | 26/01/2016 | Libros de Referencia | ||||||||
| Dewey Decimal Classification | Colección de Referencia | Biblioteca FUSBC | Biblioteca FUSBC | 24/11/2004 | R 225.95 S394h | 11901 | 12/12/2019 | Vol.1 t.2, ej. 1 | 26/01/2016 | Libros de Referencia |
